Statistics for People with Nancy Pelosi Quiz

Click here to take the quiz!

General Stats

  • This quiz has been taken 27 times
  • The average score is 7 of 15

Answer Stats

Answer% Correct
Joe Biden
100%
Donald Trump
92%
George Bush
92%
Michelle Obama
88%
Elizabeth Warren
80%
Mitch McConnell
76%
Stacey Abrams
48%
Narendra Modi
40%
Nicolas Sarkozy
28%
Manmohan Singh
12%
Alma Adams
8%
Barbara Lee
8%
Don Young
8%
Terri Sewell
4%
John Murtha
0%

Score Distribution

Percentile by Number Answered

Percent of People with Each Score

Your Score History

You have not taken this quiz